| 000 | 00669nam a2200217Ia 4500 | ||
|---|---|---|---|
| 005 | 20260429112024.0 | ||
| 008 | 260429s9999||||xx |||||||||||||| ||und|| | ||
| 020 | _a9781032429717 | ||
| 041 | _aEnglish | ||
| 082 |
_a370.71 _bBUT |
||
| 100 | _aButler, Brandon M. | ||
| 245 | 0 |
_aUnderstanding a pedagogy of teacher education : _bcontexts for teaching and learning about your educational practice / _cBrandon M. Butler |
|
| 250 | _a1st ed. | ||
| 260 |
_aNew York : _bRoutledge, _c2024. |
||
| 300 | _axvii, 225 p.; pbk | ||
| 650 | _a Pedagogy | ||
| 650 | _a Teaching practice | ||
| 650 | _aTeacher education | ||
| 700 | _a Bullock, Shawn Michael | ||
| 942 | _cTB | ||
| 999 |
_c51938 _d51938 |
||